000 00922nam a2200265Ia 4500
003 OSt
005 20220923231011.0
006 a|||||r|||| 00| 0
007 ta
008 220922b |||||||| |||| 00| 0 pan d
020 _c150
024 _a353,040
037 _b1197, 20/02/2020, H.K. Prakashan
_cTextual
040 _aARTS
_cARTS
_bpan
041 _2pan
_apan
082 _aO153,1NPAx, Q9
100 _aਪ੍ਰਵਾਨਾ, ਹਰਭਜਨ ਸਿੰਘ, ਂਚ.
245 0 _aਮੋਤੀਆਂ ਦੀ ਮਾਲਾ
260 _aਸਿਰਸਾ
_b ਤਸਵੀਰ ਪ੍ਰਕਾFਨ
_c2019
300 _a110ਪ੍ਰ0
_ccm.
650 _a ਪੰਜਾਬੀ ਕਾਵਿ
650 _aਪੰਜਾਬੀ ਸਾਹਿਤ
942 _hO153,1NPAx, Q9
_cTEXL
_2CC
999 _c388702
_d388702